La composition de Salammbo d'apres la correspondance de Flaubert (1857-1862) : avec un essai de classement chronologique des lettres /

Bibliographic Details
Main Author: Blossom, F. A. (Frederick Augustus), 1878-
Format: Book
Language:French
Published: New York : Kraus Reprint Corp., 1965.
Series:Elliott monographs in the Romance languages and literatures ; no. 3.
Subjects:

MARC

Tag First Indicator Second Indicator Subfields
LEADER 00000cam a2200000 4500
001 in00000042926
005 20151007064932.0
008 750815r19651914nyu 00010 fre d
035 |a (OCoLC)01550123 
035 |9 AAE0918AM 
040 |c GSU  |d TXA  |d UtOrBLW 
049 |a TXAM  |c 1 [1108253], 2 [1115241] 
090 |a PQ2246.S4  |b B5 1965 
100 1 |a Blossom, F. A.  |q (Frederick Augustus),  |d 1878- 
245 1 3 |a La composition de Salammbo d'apres la correspondance de Flaubert (1857-1862) :  |b avec un essai de classement chronologique des lettres /  |c par F.-A. Blossom. 
264 1 |a New York :  |b Kraus Reprint Corp.,  |c 1965. 
300 |a vii, 104 pages ;  |c 23 cm. 
336 |a text  |b txt  |2 rdacontent 
337 |a unmediated  |b n  |2 rdamedia 
338 |a volume  |b nc  |2 rdacarrier 
490 1 |a Elliott monographs in the Romance languages and literatures,  |v 3 
500 |a Reprint of the 1914. 
600 1 0 |a Flaubert, Gustave,  |d 1821-1880.  |t Salammbô. 
600 1 0 |a Flaubert, Gustave,  |d 1821-1880.  |t Correspondence. 
830 0 |a Elliott monographs in the Romance languages and literatures ;  |v no. 3. 
999 |a MARS 
999 f f |s 9cdc80d7-839e-38ed-bba4-2c76821d5afe  |i 0fcf39ae-0dce-32d2-8109-af678b3c03c0  |t 0 
952 f f |p ric  |a Texas A&M University  |b Rellis Campus  |c Joint Library Facility  |s JLF  |d Remote Storage  |t 0  |e PQ2246.S4 B5 1965  |h Library of Congress classification  |i unmediated -- volume  |m A14803768654 
998 f f |a PQ2246.S4 B5 1965  |t 0  |l Remote Storage